| 000 | 00363nam a2200097Ia 4500 | ||
|---|---|---|---|
| 008 | 180130s9999 xx 000 0 und d | ||
| 245 |
_cMohammadi, Shahriar; Allahvakil, Vahid; Khaghani, Mojtaba _aEffect of network traffic on ips performance |
||
| 260 | _c2015 | ||
| 300 | _aBook title: Cyber security--Acession number C20544; pages 91-106 | ||
| 650 | _aCYBER SECURITY | ||
| 999 |
_c354210 _d354210 |
||